Normal view
MARC view
Entry Personal Name
001 - CONTROL NUMBER
- control field: 960
003 - CONTROL NUMBER IDENTIFIER
- control field: csc
005 - DATE AND TIME OF LATEST TRANSACTION
- control field: 20140507162054.0
008 - FIXED-LENGTH DATA ELEMENTS
- fixed length control field: 130426|| aca||aabn | a|a d
040 ## - CATALOGING SOURCE
- Original cataloging agency: csc
- Transcribing agency: csc
100 ## - HEADING--PERSONAL NAME
- Personal name: Aristophanes.
- Title of a work: Assembly-women.
670 ## - SOURCE DATA FOUND
- Source citation: Work cat.: (csc)0: Aristophanes. 1313, Birds ; [and], Lysistrata ; [and], Assembly-women ; [and], Wealth :, 1998.